00428nam a2200109Ia 4500082001200000100001800012245014800030260005200178300002000230650003400250650003400284 aTP.0037 aPal, Anuradha 0aComparative study of the some psychological characteristics of the creative high-and the creative low-socio-economic groups of college students c1980bIndian Institute of Technology, Kharagpur a67p. + C D - 46 aCOLLEGE STUDENTS - PSYCHOLOGY aCREATIVE THINKING (EDUCATION)